MARC details
| 000 -LEADER |
| fixed length control field |
01671cam a2200493 i 4500 |
| 001 - CONTROL NUMBER |
| control field |
1788448 |
| 003 - CONTROL NUMBER IDENTIFIER |
| control field |
OSt |
| 005 - DATE AND TIME OF LATEST TRANSACTION |
| control field |
20190918123135.0 |
| 008 - FIXED-LENGTH DATA ELEMENTS--GENERAL INFORMATION |
| fixed length control field |
141025s2015 ii a b 001 0 eng d |
| 010 ## - LIBRARY OF CONGRESS CONTROL NUMBER |
| LC control number |
2015361423 |
| 020 ## - INTERNATIONAL STANDARD BOOK NUMBER |
| International Standard Book Number |
9789351480402 |
| 020 ## - INTERNATIONAL STANDARD BOOK NUMBER |
| International Standard Book Number |
9351480402 |
| 020 ## - INTERNATIONAL STANDARD BOOK NUMBER |
| International Standard Book Number |
9789351480501 |
| 020 ## - INTERNATIONAL STANDARD BOOK NUMBER |
| International Standard Book Number |
935148050X |
| 025 ## - OVERSEAS ACQUISITION NUMBER |
| Overseas acquisition number |
I-E-2015361423 |
| 035 ## - SYSTEM CONTROL NUMBER |
| System control number |
(OCoLC)ocn900401533 |
| 035 ## - SYSTEM CONTROL NUMBER |
| System control number |
1788448 |
| 037 ## - SOURCE OF ACQUISITION |
| Source of stock number/acquisition |
Library of Congress -- New Delhi Overseas Office |
| 040 ## - CATALOGING SOURCE |
| Original cataloging agency |
DKAGE |
| Language of cataloging |
eng |
| Description conventions |
rda |
| Transcribing agency |
DLC |
| Modifying agency |
DKAGE |
| -- |
OCLCF |
| -- |
OCLCQ |
| -- |
PTS |
| 042 ## - AUTHENTICATION CODE |
| Authentication code |
lccopycat |
| -- |
lcode |
| 043 ## - GEOGRAPHIC AREA CODE |
| Geographic area code |
a-ii--- |
| 049 ## - LOCAL HOLDINGS (OCLC) |
| Holding library |
PTSS |
| 050 00 - LIBRARY OF CONGRESS CALL NUMBER |
| Classification number |
BV3777.I4 |
| Item number |
V46 2015 |
| 082 04 - DEWEY DECIMAL CLASSIFICATION NUMBER |
| Classification number |
269.20 |
| Edition number |
23 |
| Item number |
R215W |
| 100 1# - MAIN ENTRY--PERSONAL NAME |
| Personal name |
Venkateswara Rao, Potana, |
| Dates associated with a name |
1974- |
| Relator term |
author. |
| 245 10 - TITLE STATEMENT |
| Title |
Witnessing to students : |
| Remainder of title |
efficacy of UESI in India / |
| Statement of responsibility, etc. |
Potana Venkateswara Rao ; foreword by Dr. Atul Y. Aghamkar. |
| 264 #1 - PRODUCTION, PUBLICATION, DISTRIBUTION, MANUFACTURE, AND COPYRIGHT NOTICE |
| Place of production, publication, distribution, manufacture |
New Delhi : |
| Name of producer, publisher, distributor, manufacturer |
Christian World Imprints, |
| Date of production, publication, distribution, manufacture, or copyright notice |
[2015]. |
| 264 #4 - PRODUCTION, PUBLICATION, DISTRIBUTION, MANUFACTURE, AND COPYRIGHT NOTICE |
| Date of production, publication, distribution, manufacture, or copyright notice |
�2015 |
| 300 ## - PHYSICAL DESCRIPTION |
| Extent |
xiv, 114 pages : |
| Other physical details |
illustrations (black and white) ; |
| Dimensions |
23 cm. |
| 336 ## - CONTENT TYPE |
| Content type term |
text |
| Content type code |
txt |
| Source |
rdacontent |
| 337 ## - MEDIA TYPE |
| Media type term |
unmediated |
| Media type code |
n |
| Source |
rdamedia |
| 338 ## - CARRIER TYPE |
| Carrier type term |
volume |
| Carrier type code |
nc |
| Source |
rdacarrier |
| 490 1# - SERIES STATEMENT |
| Series statement |
Christian heritage rediscovered ; |
| Volume/sequential designation |
16 |
| 504 ## - BIBLIOGRAPHY, ETC. NOTE |
| Bibliography, etc. note |
Includes bibliographical references and index. |
| 610 20 - SUBJECT ADDED ENTRY--CORPORATE NAME |
| Corporate name or jurisdiction name as entry element |
Union of Evangelical Students of India. |
| 650 #0 - SUBJECT ADDED ENTRY--TOPICAL TERM |
| Topical term or geographic name entry element |
Evangelistic work |
| Geographic subdivision |
India. |
| 650 #0 - SUBJECT ADDED ENTRY--TOPICAL TERM |
| Topical term or geographic name entry element |
College students in missionary work. |
| 650 #0 - SUBJECT ADDED ENTRY--TOPICAL TERM |
| Topical term or geographic name entry element |
Church work with minorities |
| Geographic subdivision |
India. |
| 650 #0 - SUBJECT ADDED ENTRY--TOPICAL TERM |
| Topical term or geographic name entry element |
Missions |
| Geographic subdivision |
India. |
| 700 1# - ADDED ENTRY--PERSONAL NAME |
| Personal name |
Aghamkar, Atul Y., |
| Relator term |
writer of foreword. |
| 830 #0 - SERIES ADDED ENTRY--UNIFORM TITLE |
| Uniform title |
Christian heritage rediscovered ; |
| Volume/sequential designation |
16. |
| 942 ## - ADDED ENTRY ELEMENTS (KOHA) |
| Source of classification or shelving scheme |
Dewey Decimal Classification |
| Koha item type |
Books |
| 945 ## - LOCAL PROCESSING INFORMATION (OCLC) |
| a |
MARCIVE20181205 |